Statistics for Counting to 100 in Base 5

Click here to take the quiz!

General Stats

  • This quiz has been taken 28 times
  • The average score is 76 of 101

Answer Stats

Base 10Base 4% Correct
00
100%
11
100%
22
95%
33
95%
44
95%
510
90%
611
90%
712
90%
813
90%
914
90%
1020
90%
1530
90%
1631
90%
1732
90%
1833
90%
1934
90%
2040
90%
2141
90%
2242
90%
2343
90%
2444
90%
1121
85%
1222
85%
1323
85%
1424
85%
25100
75%
26101
75%
27102
75%
28103
75%
29104
75%
30110
70%
31111
70%
32112
70%
33113
70%
34114
70%
35120
70%
36121
70%
37122
70%
38123
70%
39124
70%
40130
70%
41131
70%
42132
70%
43133
70%
44134
70%
45140
70%
46141
70%
47142
70%
48143
70%
49144
70%
50200
70%
51201
70%
52202
70%
53203
70%
54204
70%
55210
70%
56211
70%
57212
70%
58213
70%
59214
70%
60220
70%
61221
70%
62222
70%
63223
70%
64224
70%
65230
70%
66231
70%
67232
70%
68233
70%
69234
70%
70240
70%
71241
70%
72242
70%
73243
70%
74244
70%
75300
70%
76301
70%
77302
70%
78303
70%
79304
70%
80310
70%
81311
70%
82312
70%
83313
70%
84314
70%
85320
70%
86321
70%
87322
70%
88323
70%
89324
70%
90330
70%
91331
70%
92332
70%
93333
70%
94334
70%
95340
70%
96341
70%
97342
70%
98343
70%
99344
70%
100400
70%

Score Distribution

Percentile by Number Answered

Percent of People with Each Score

Your Score History

You have not taken this quiz